1676 1673 1346 1597 1388 1872 1376 1703 1665 1616 1147 1620 1038 1865 1009 1833 1034 1189 1347 1673 1396 1179 1261 1298 1420 1469 1422 1849 1165 1970 1748 1860 1307 1162 1835 1389 1380 1003 1451 1568 1216 1438 1124 1098 2000 1464 1870 1529 1373 1833 1528 1439 1790 1550 1746 1112 1154 1600 1838 1568 1767 1584 1357 1815 1806 1939 1869 1241 1821 1900 1910 1528 1563 1342 1828 1237 1943 1232 1936 1029 1695 1074 1346 1221 1107 1734 1132 1080 1391 1095 1332 1814 1153 1574 1093 1830 1572 1351 1220 BCNSPRNW ULIB Ver.6.0+V

เปลี่ยนเป็นภาษาไทย

Change to English
 แสดงรายละเอียดบรรณานุกรม
  กลับหน้าหลัก

Brief Record : Get Marc (ISO 2709) : E-mail record : QR code < ปิดหน้าต่าง
LEADER : 00000nam 2200000uu 4500
001    13399113600
003     ULIB
008    111128s2551||||th 000 0 tha d
020    ^a9789741367979
090    ^aนว.^bณ111ร 2551
100 0  ^aฌามิวอาห์&เจ้าหญิงผู้เลอโฉม
245 00 ^aTi Amo...รักเธอรสช็อกโกแลต/^cฌามิวอาห์&เจ้าหญิงผู้เลอโฉม
250    ^aพิมพ์ครั้งที่ 1
260    ^aกรุงเทพฯ :^bแจ่มใส,^c2551
300    ^a286 หน้า
710 1  ^aแจ่มใส
945    ^p189^l0^i15033
995    ^aทศพร
999    ^aใช้งานได้ทุกระบบ
รายการนี้ยังไม่มีแท็ก
คุณยังไม่ได้ล็อกอิน คุณสามารถมีกิจกรรมร่วมกับเว็บไซต์ได้ แต่ต้องล็อกอินก่อน ::
  ล็อกอิน

รายการสื่อสารสนเทศ

ลำดับที่ ประเภท เลขเรียก/บาร์โค้ด สถานที่ สถานะ
1. นวนิยาย
นวนิยาย
นว. ณ111ร 2551 ฉ.1 
  Barcode: 15033
ห้องสมุดวิทยาเขตสวรรค์ประชารักษ์
►นวนิยาย
บนชั้น
  ขอยืม

BibComment


ยังไม่เคยถูกคอมเมนท์

คอมเมนท์ทรัพยากรรายการนี้
  คอมเมนท์: Ti Amoรักเธอรสช็..


 Copyright 2026. Bcnsprnw @Library